Statistiques concernant Les 50 plus grands pays du monde

Cliquez ici pour prendre le quiz!

Statistiques générales

  • Ce quiz a été pris 465 fois
  • Le résultat moyen est 37 sur 50

Statistiques - réponses

RangSuperficie (km2)ContinentPremière lettrePays% Correct
117,098,242AsieRRussie
99%
29,984,670AmériqueCCanada
98%
49,596,961AsieCChine
98%
67,741,220OcéanieAAustralie
97%
39,826,675AmériqueEÉtats-Unis
97%
102,381,741AfriqueAAlgérie
96%
58,514,877AmériqueBBrésil
96%
73,287,263AsieIInde
96%
82,780,400AmériqueAArgentine
92%
43643,801EuropeFFrance
90%
112,344,858AfriqueCRépublique démocratique du Congo
90%
92,724,900AsieKKazakhstan
89%
141,964,375AmériqueMMexique
88%
251,219,090AfriqueAAfrique du Sud
82%
46603,550EuropeUUkraine
80%
38756,102AmériqueCChili
79%
151,904,569AsieIIndonésie
79%
221,267,000AfriqueNNiger
77%
261,138,910AmériqueCColombie
76%
161,861,484AfriqueSSoudan
76%
33912,050AmériqueVVEnezuela
76%
191,564,116AsieMMongolie
75%
201,285,216AmériquePPérou
75%
132,149,690AsieAArabie saoudite
73%
281,098,581AmériqueBBolivie
73%
181,648,195AsieIIran
73%
241,240,192AfriqueMMali
73%
32923,768AfriqueNNigeria
72%
50527,968AsieYYemen
72%
301,001,450AfriqueEEgypte
71%
31947,300AfriqueTTanzanie
71%
231,246,700AfriqueAAngola
70%
171,759,540AfriqueLLibye
69%
49580,367AfriqueKKEnya
68%
291,030,700AfriqueMMauritanie
68%
36796,095AsiePPakistan
68%
37783,562AsieTTurquie
68%
41652,230AsieAAfghanistan
67%
271,104,300AfriqueEÉthiopie
67%
34824,292AfriqueNNamibie
67%
39752,618AfriqueZZambie
67%
44637,657AfriqueSSomalie
65%
211,284,000AfriqueTTchad
62%
47587,041AfriqueMMadagascar
59%
35799,380AfriqueMMozambique
59%
42644,329AfriqueSSoudan du Sud
57%
40676,578AsieBBirmanie
52%
48581,730AfriqueBBotswana
50%
122,166,086AmériqueGGroenland
41%
45622,984AfriqueCCentreAfrique
7%

Distribution des résultats

Percentile par nombre de réponses

% des personnes avec chaque résultat

Votre développement - résultats

Vous n’avez pas pris ce quiz